000
00332nam a22001457a 4500
008
221202b ||||| |||| 00| 0 eng d
020
_a
9781496300232
041
_a
eng
080
_2
TENTH EDITION
_a
610.73
082
_a
610.73 POL
100
_a
8
101
_a
INF
245
_a
NURSING RESEARCH
_c
POLIT F D
942
_2
udc
_c
BK
999
_c
59075
_d
59075